| 000 | 00799cam a22002291 4500 | ||
|---|---|---|---|
| 001 | pa 66000125 | ||
| 003 | DLC | ||
| 005 | 20260227111857.0 | ||
| 008 | 780328s1966 dcu 000 0 eng c | ||
| 010 | _apa 66000125 | ||
| 040 |
_aPan American Union. Library _cWMaUCS _dDLC |
||
| 043 |
_as------ _an------ |
||
| 110 | 2 | _aInter-American Juridical Committee. | |
| 245 | 1 | 0 | _aDifferences between intervention and collective action. |
| 260 |
_aWashington, _bPan American Union, _c1966. |
||
| 300 |
_aiii, 31 p. _c28 cm. |
||
| 490 | 1 | _aOEA/ser.I/VI.2 (English) CIJ-81 | |
| 650 | 0 | _aIntervention (International law) | |
| 651 | 0 |
_aAmerica _xDefenses |
|
| 810 | 2 |
_aOrganization of American States. _tOfficial records. _vOEA/ser.I/VI.2. |
|
| 810 | 2 |
_aInter-American Council of Jurists. _tCIJ, English, _v81. |
|
| 999 |
_c51596 _d51596 |
||